| 000 | 00552nam a2200181Ia 4500 | ||
|---|---|---|---|
| 008 | 090124s9999 xx 000 0 und d | ||
| 082 | _b120822 | ||
| 100 | _aभालेराव अनंत | ||
| 245 | _a आलो याचे कारणासी | ||
| 250 | _a1 | ||
| 260 | _c1985 | ||
| 300 | _a154 | ||
| 600 | _aभालेराव अनंत | ||
| 630 | _a आलो याचे कारणासी | ||
| 700 | _aभालेराव अनंत | ||
| 730 | _a आलो याचे कारणासी | ||
| 942 | _cBOOK | ||
| 999 |
_c166908 _d166908 |
||